Sztuka Wczesnochrześcijańska - Statystyki

Ogólne statystyki
  • Ten quiz został rozwiązany 9 razy
    7 od ostatniego zresetowania
  • Średni wynik to 14 z 24
Statystyki odpowiedzi
Obrazkowy Hint Odpowiedź % Poprawnych
Rzym Ok.324r. Bazylika św.Piotra
100%
Ok 300r Chrystus Dobry Pasterz
100%
Ornament z monogramem Chrystusa
100%
Ok.324r. Plan Bazyliki św.Piotra | Bazylika św.Piotra
100%
4W Sarkofag Juliusza Bassusa
100%
Katakumby Pryscylli (ok.280r) Trzej młodzieńcy w piecu ognistym
100%
Rawenna 2 pol 5W Bastyterium Arian
50%
Katakumby Kaliksta (3W) Chleb i ryby
50%
Katakumby Komodili (Koniec4W) Chrystus
50%
Cmentarz wiekszy przy Via Nometana (4W) Cubiculum Madonny Orans | Madonna Orans
50%
Klasztor św.Katarzyny na Synaju (6W) Ikona ze św.Piotrem | Ikona św.Piotra
50%
co to? Katakumby
50%
3W Katakumby Kaliksta
50%
Monogram Chrystusa
50%
5W Mozaika Chrystus Dobry Pasterz | Chrystus Dobry Pasterz
50%
Katakumby Pryscylli (ok.280r) Orantka
50%
Pantokrator
50%
4W Sarkofag z motywem drzew
50%
6W Tron biskupa Maksymiana
50%
Rawenna 2 pol 5W Wnetrze Bastyterium Arian | Bastyterium Arian
50%
Ok.324r. Wnetrze Bazyliki św.Piotra | Bazylika św.Piotra
50%
337-351r Wnetrze Mauzoleum Santa Costanza | Santa Costanza
50%
Koniec 4W Mozaika z Santa Pudenziana| Santa Pudenziana
0%
337-351r Santa Constanza
0%
Nie znaleziono quizów pasujących do podanych kryteriów
Rozkład punktacji
Procent ludzi z każdym wynikiem
Percentyl według liczby udzielonych odpowiedzi
Twoja historia wyników
Nie rozwiązałeś tego quizu od ostatniego zresetowania